[Event "GRE-ch North U08/14"]
[Site "Thessaloniki"]
[Date "2020.08.29"]
[Round "6"]
[White "Nakitsas, Stergios"]
[Black "Moschat, Iosif Theodoros"]
[Result "1-0"]
[WhiteElo "1151"]
[BlackElo "1292"]
[PlyCount "151"]
[EventDate "2020.08.26"]
[EventType "swiss"]
[EventRounds "9"]
[EventCountry "GRE"]
[SourceTitle "EXT 2023"]
[Source "ChessBase"]
[SourceDate "2022.10.05"]
[SourceVersion "1"]
[SourceVersionDate "2022.10.05"]
[SourceQuality "1"]

1. e4 e5 2. Nf3 Nc6 3. Nc3 Nf6 4. d4 exd4 5. Nxd4 Bb4 6. Nxc6 bxc6 7. Bd3 0-0 8. 0-0 h6 9. e5 Nd5 10. Nxd5 cxd5 11. Qg4 Qe7 12. Bxh6 Qxe5 13. Bxg7 Qxg7 14. Qxb4 d6 15. Qh4 Bb7 16. Qg3 f5 17. Rae1 f4 18. Qxg7+ Kxg7 19. Re7+ Rf7 20. Rxf7+ Kxf7 21. Re1 Kf6 22. f3 Rg8 23. Kf2 c5 24. b3 a5 25. g3 fxg3+ 26. hxg3 Ra8 27. Rb1 Rh8 28. g4 Bc8 29. Kg3 Rg8 30. Rh1 Be6 31. Rh6+ Ke7 32. Rg6 c4 33. Rxg8 Bxg8 34. bxc4 dxc4 35. Bf5 a4 36. a3 c3 37. Kf4 Bd5 38. Ke3 Bc6 39. f4 Kf6 40. Kd4 Be8 41. Kxc3 Bf7 42. Kd4 Be8 43. Kd5 Ke7 44. c4 Bf7+ 45. Kd4 Be8 46. Be4 Bd7 47. g5 Be8 48. c5 dxc5+ 49. Kxc5 Kf7 50. Kd6 Kg7 51. f5 Kf8 52. Bc6 Bh5 53. Bxa4 Kf7 54. Bb3+ Kg7 55. a4 Be2 56. a5 Kf8 57. Kc5 Bd3 58. f6 Ba6 59. Kb6 Bd3 60. a6 Be4 61. a7 Ba8 62. Ba4 Kf7 63. Bc6 Bxc6 64. Kxc6 Kf8 65. a8Q+ Kf7 66. g6+ Kxf6 67. Qg8 Ke7 68. g7 Kf6 69. Qf8+ Ke5 70. g8R Ke6 71. Qd8 Kf7 72. Re8 Kg7 73. Re7+ Kf6 74. Qf8+ Kg6 75. Rg7+ Kh5 76. Qh8# 1-0